Paroles Orelsan - La terre est ronde - Statistiques

Statistiques générales
  • Ce quiz a été pris 2 197 fois
    2 176 depuis la dernière actualisation
  • Le résultat moyen est 331 sur 436
Statistiques - réponses
Réponse % Correct
à
99%
est
99%
la
99%
ronde
99%
terre
99%
Ce
98%
mais
98%
Pour
98%
pour
98%
une
98%
Au
97%
au
97%
bonne
97%
c'est
97%
du
97%
fait
97%
fond
97%
mon
97%
raison
97%
seule
97%
tout
97%
Tout
97%
de
96%
et
96%
être
96%
j'crois
96%
maison
96%
monde
96%
Après
95%
après
95%
avoir
95%
l'tour
95%
qu'la
95%
veut
95%
Le
94%
le
94%
que
94%
c'qu'on
92%
on
86%
On
86%
Tu
84%
tu
84%
ta
82%
vie
81%
voiture
78%
aller
77%
travailler
77%
d'acheter
76%
en
76%
En
76%
viens
76%
qui
75%
rembourser
75%
travailles
74%
vois
70%
cercle
69%
vicieux?
69%
vieux
68%
besoin
67%
ça
67%
faire
67%
genre
67%
T'as
67%
truc
67%
d'une
66%
envie
66%
donne
65%
sauf
65%
mourir
64%
pas
64%
j'ai
62%
J'ai
62%
ici
61%
des
60%
l'attendre
60%
autant
59%
d'tout
59%
toute
58%
va
57%
bonheur
56%
quand
56%
sur
56%
arrêt
55%
c'que
55%
maladie
55%
même
55%
semaine
55%
veux
55%
flemme
54%
l'genre
54%
J'veux
53%
j'veux
53%
poursuite
52%
profiter
52%
finir
51%
dans
50%
gens
50%
peux
50%
fais
48%
temps
48%
feu
47%
J'suis
47%
Les
47%
les
47%
l'infini
47%
trucs
47%
courir
46%
centaines
45%
qu'j'aime
45%
m'emmène
44%
si
44%
avant
43%
j'ferai
42%
mes
42%
qu'le
42%
d'l'argent
41%
m'prenne
41%
parents
41%
surtout
41%
juste
40%
prendre
40%
qu'il
39%
patron
38%
pyjama
38%
soir
38%
vivre
38%
avance
37%
caleçon
36%
sert
36%
peut
35%
plus
35%
quoi
35%
m'filera
34%
bien
33%
d'l'instant
33%
m'sert
33%
lieu
32%
maintenant
32%
mêmes
32%
Pourquoi
32%
tard
32%
conseils
31%
fainéant
30%
lumière
30%
d'vivre
29%
j'vais
29%
parle
29%
rien
29%
t'oublies
29%
donnent
28%
j'me
28%
l'bip
28%
lendemain
28%
l'équipe
28%
pouvoir
28%
remettre
28%
attendant
27%
l'équilibre
27%
rappeurs
27%
trouver
27%
d'suite
26%
sens
26%
s'il-te-plait
26%
Aujourd'hui
25%
chemin
25%
d'lècher
25%
merci
25%
vraiment
25%
Y'a
25%
dont
24%
d'appeler
23%
gacher
23%
perds
23%
verra
23%
j'essaie
22%
s'épanouit
22%
l'avenir
21%
préparer
21%
j'rameuterai
17%
j'voudrais
17%
cainris
15%
Aucun quiz correspondant
Distribution des résultats
% des personnes avec chaque résultat
Percentile par nombre de réponses
Votre historique - résultats
Vous n’avez pas pris ce quiz depuis la dernière actualisation